Statistical Measurement of the Macroeconomic Effects of Resource Exports in the Context of the Australian Economy

Gespeichert in:
Bibliographische Detailangaben
1. Verfasser: Tamaschke, H.U
Format: Buch
Sprache:Englisch
Veröffentlicht: Brisbane University of Queensland 1986
Ausgabe:1. ed.
Schriftenreihe:Working Paper No.53
Tags: Tag hinzufügen
Keine Tags, Fügen Sie das erste Tag hinzu!

MARC

LEADER 00000nam a2200000 4500
001 c034237
005 20221207072715.6
041 0 |a eng 
044 |a AU 
245 1 0 |a Statistical Measurement of the Macroeconomic Effects of Resource  |b Exports in the Context of the Australian Economy  |c H.U. Tamaschke 
250 |a 1. ed. 
264 1 |a Brisbane  |b University of Queensland  |c 1986 
300 |a 23 s. 
490 1 |a Working Paper  |v No.53 
830 0 |a Working Paper  |v No.53 
100 1 |a Tamaschke, H.U.